00693nam a2200205Ia 4500003000900000008004100009040001600050080001300066100002800079245004800107260004000155300001500195490005500210650003800265650001900303650002900322942000700351999001500358952011400373IN-BaIIA211028s9999 xx 000 0 eng d cIIA Library a537bKIN aKing, Ronold W. P92240 0aTransmission-line theorycRonald W. P. King aNew York,bDover Publicationsc1965 axii, 513p. aDover books on engineering and engineering physics aElectric power transmission93447 aNASA thesaurus aTransmission lines92177 cBK c3942d3942 00104070aBANbBANcGENd1972-08-08g23.63l0o537/ KINp4404r2021-11-05v23.63w1972-08-08yBKGRs. 23.63